|
|
|
|
| LEADER |
02479nam a22005295i 4500 |
| 001 |
978-1-4020-2185-5 |
| 003 |
DE-He213 |
| 005 |
20151030011027.0 |
| 007 |
cr nn 008mamaa |
| 008 |
100301s2004 ne | s |||| 0|eng d |
| 020 |
|
|
|a 9781402021855
|9 978-1-4020-2185-5
|
| 024 |
7 |
|
|a 10.1007/1-4020-2185-2
|2 doi
|
| 040 |
|
|
|d GrThAP
|
| 050 |
|
4 |
|a QR180-189.5
|
| 072 |
|
7 |
|a MJCM
|2 bicssc
|
| 072 |
|
7 |
|a MED044000
|2 bisacsh
|
| 082 |
0 |
4 |
|a 616.079
|2 23
|
| 100 |
1 |
|
|a Bodey, Bela.
|e author.
|
| 245 |
1 |
0 |
|a Immunological Aspects of Neoplasia — The Role of the Thymus
|h [electronic resource] /
|c by Bela Bodey, Stuart E. Siegel, Hans E. Kaiser.
|
| 264 |
|
1 |
|a Dordrecht :
|b Springer Netherlands,
|c 2004.
|
| 300 |
|
|
|a XI, 207 p.
|b online resource.
|
| 336 |
|
|
|a text
|b txt
|2 rdacontent
|
| 337 |
|
|
|a computer
|b c
|2 rdamedia
|
| 338 |
|
|
|a online resource
|b cr
|2 rdacarrier
|
| 347 |
|
|
|a text file
|b PDF
|2 rda
|
| 490 |
1 |
|
|a Cancer Growth and Progression ;
|v 17
|
| 505 |
0 |
|
|a Overview of Mammalian Thymic Development Biological Basis -- Embryology of the Mammalian Thymus -- Histogenesis of the Mammalian Thymus -- The Reticulo-Epithelial (Re) Cellular Network of the Mammalian Thymus -- Neuroendocrine Influence on Thymic Hematopoiesis Via the Reticulo-Epithelial (Re) Cellular Network -- Development of Lymphopoiesis as a Function of the Thymic Microenvironment -- The Hassal?s Bodies -- Thymic Accessory Cells, Including Dendritic Type Antigen Presenting Cells, within the Mammalian Thymic Microenvironment -- Involution of the Mammalian Thymus and Its Role in the Overall Aging Process -- The Thymus and Its Significance in Anti-Neoplastic Therapy -- Thymic Hormones in Cancer Diagnosis and Treatment -- Spontaneous Regression of Neoplasms: New Possibilities for Immunotherapy.
|
| 650 |
|
0 |
|a Medicine.
|
| 650 |
|
0 |
|a Cancer research.
|
| 650 |
|
0 |
|a Immunology.
|
| 650 |
|
0 |
|a Neurosciences.
|
| 650 |
|
0 |
|a Neurology.
|
| 650 |
1 |
4 |
|a Biomedicine.
|
| 650 |
2 |
4 |
|a Immunology.
|
| 650 |
2 |
4 |
|a Neurology.
|
| 650 |
2 |
4 |
|a Cancer Research.
|
| 650 |
2 |
4 |
|a Neurosciences.
|
| 700 |
1 |
|
|a Siegel, Stuart E.
|e author.
|
| 700 |
1 |
|
|a Kaiser, Hans E.
|e author.
|
| 710 |
2 |
|
|a SpringerLink (Online service)
|
| 773 |
0 |
|
|t Springer eBooks
|
| 776 |
0 |
8 |
|i Printed edition:
|z 9781402021848
|
| 830 |
|
0 |
|a Cancer Growth and Progression ;
|v 17
|
| 856 |
4 |
0 |
|u http://dx.doi.org/10.1007/1-4020-2185-2
|z Full Text via HEAL-Link
|
| 912 |
|
|
|a ZDB-2-SME
|
| 912 |
|
|
|a ZDB-2-BAE
|
| 950 |
|
|
|a Medicine (Springer-11650)
|